[Event "ch-POR 2012"]
[Site "Pampilhosa da Serra POR"]
[Date "2012.08.07"]
[Round "4.2"]
[White "Neves,P"]
[Black "Damaso,R"]
[Result "0-1"]
[WhiteElo "2244"]
[BlackElo "2365"]

1.e4 c5 2.Nf3 Nc6 3.d4 cxd4 4.Nxd4 Qb6 5.Nb3 Nf6 6.Nc3 e6 7.a3 Qc7 8.f4 d6
9.Be3 Be7 10.Bd3 b6 11.Qf3 Bb7 12.Qg3 h5 13.Be2 a6 14.f5 exf5 15.exf5 Ne5
16.Bd4 Kf8 17.O-O h4 18.Qh3 b5 19.Nd2 Re8 20.Rae1 Bd8 21.Bd1 Qc6 22.Kh1 Bb6
23.Bxe5 Rxe5 24.Bf3 Qc7 25.Bxb7 Qxb7 26.Nf3 Rxe1 27.Rxe1 Rh5 28.Re2 Qc8 29.Nd1 Qc4
30.Nc3 Ng4 31.g3 Qxe2 32.Nxe2 Nf2+ 33.Kg2 Nxh3 34.g4 Rh6 35.Kxh3 d5 36.g5 Rc6
37.c3 Rc8 38.Nf4 d4 39.cxd4 Rc2 40.g6 Rxb2 41.Ng5 fxg6 42.fxg6 Rb3+ 43.Kg4 Rb1
44.Nge6+ Kg8 45.Nd5 Re1 46.Kf5 Rxe6 47.Kxe6 Bxd4 48.h3 a5 49.Kd7 Bb2 50.Kc6 Bxa3
51.Kxb5 Bb4 52.Ne3 Kf8 53.Nf5 Bc3 54.Nxh4 Ke7 55.Ng2 Bd2 56.Kc4 Kf6 57.Kd3 Bg5
58.h4 Bh6 59.h5 Kg5 60.Ne3 Kxh5 61.Nc4 a4 62.Kc2 Bg5 63.Nb6 a3 64.Kb3 Bc1
65.Nd7 Kxg6 66.Ne5+ Kf5 67.Nd3 Bb2  0-1

[Event "16th Izmailov Mem"]
[Site "Tomsk RUS"]
[Date "2012.08.07"]
[Round "1.20"]
[White "Pavlenko,Sergei"]
[Black "Tregubov,Al"]
[Result "0-1"]
[WhiteElo "1897"]
[BlackElo "2298"]

1.e4 c5 2.Nf3 Nc6 3.d4 cxd4 4.Nxd4 Qb6 5.Nxc6 bxc6 6.Bd3 g6 7.Nd2 Bg7 8.O-O Nf6
9.Nb3 O-O 10.Be3 Qc7 11.Bd4 d5  0-1

[Event "16th Izmailov Mem"]
[Site "Tomsk RUS"]
[Date "2012.08.07"]
[Round "1.22"]
[White "Makarenko,Zakhar"]
[Black "Dmitrienko,And"]
[Result "1/2-1/2"]
[WhiteElo "1844"]
[BlackElo "2249"]

1.e4 c5 2.Nf3 Nc6 3.d4 cxd4 4.Nxd4 Qb6 5.c3 Nf6 6.f3 d5 7.exd5 Nxd4 8.Qxd4 Qxd4
9.cxd4 Nxd5 10.Bd2 Bf5 11.Bb5+ Bd7 12.Bc4 Nb6 13.Bb3 Rc8 14.Nc3 Nc4 15.O-O-O Nxd2
16.Rxd2 g6 17.Kb1 Bg7 18.Re1 e6 19.Ne4 O-O 20.Nd6 Rc7 21.d5 exd5 22.Bxd5 Bf5+
23.Ka1 Bh6 24.Rde2 Rd7 25.Nxf5 gxf5 26.Bb3 Kg7 27.a3 Kf6 28.Re5 Bf4 29.Rc5 Rfd8
30.g3 Bd6 31.Rd5 Bc7 32.Rc5 Bb6 33.Rce5 Rd2 34.Re7 R8d7 35.Rxd7 Rxd7 36.Re2 Rd3
37.Ka2 Rxf3 38.Bd5 Rf2 39.Rxf2 Bxf2 40.Bxb7 Ke5 41.Kb1 Bg1 42.h3 Bf2 43.g4 f4
44.Kc2 Kd4 45.Kd2 Be3+ 46.Ke2 Bc1 47.b4 Bxa3 48.b5 Kc5 49.Ba6 Kd4 50.Kf3 Ke5
51.Bb7 h6 52.Be4 Bc1 53.h4 Be3 54.Bd3  1/2-1/2

[Event "16th Izmailov Mem"]
[Site "Tomsk RUS"]
[Date "2012.08.09"]
[Round "3.18"]
[White "Traskovetskaja,D"]
[Black "Tregubov,Al"]
[Result "1/2-1/2"]
[WhiteElo "2024"]
[BlackElo "2298"]

1.e4 c5 2.Nf3 Nc6 3.d4 cxd4 4.Nxd4 Qb6 5.Nxc6 bxc6 6.Be2 g6 7.O-O Bg7 8.Nd2 Nh6
9.Nb3 f6 10.Be3 Qc7 11.Qd2 Nf7 12.Rad1 O-O 13.h4 d6 14.h5 gxh5 15.Bxh5 c5
16.f4 f5 17.exf5 Bxf5 18.Bf3 Rab8 19.c3 Kh8 20.Kf2 Nh6 21.Rh1 Ng4+ 22.Bxg4 Bxg4
23.Qc2 Bf5 24.Qe2 e5 25.g3 Rbe8 26.Qh5 exf4 27.Bxf4 Be5 28.Rh4 Bxf4 29.Rxf4 Bg6
30.Qg5 Rxf4+ 31.gxf4 Rf8 32.Re1 Qf7 33.Re7 Qxf4+ 34.Qxf4 Rxf4+ 35.Kg3 Rf7
36.Re8+ Kg7 37.Rd8 Rb7 38.Rxd6 Bf7 39.Nxc5 Rxb2 40.a4 Rc2 41.Ne4 Bg6 42.Rd7+  1/2-1/2

[Event "16th Izmailov Mem"]
[Site "Tomsk RUS"]
[Date "2012.08.11"]
[Round "5.13"]
[White "Labutin,Danila"]
[Black "Tregubov,Al"]
[Result "0-1"]
[WhiteElo "2099"]
[BlackElo "2298"]

1.e4 c5 2.Nf3 Nc6 3.d4 cxd4 4.Nxd4 Qb6 5.Nb3 Nf6 6.Nc3 e6 7.Be3 Qc7 8.Bd3 a6
9.O-O b5 10.f4 d6 11.Qf3 Rb8 12.e5 dxe5 13.fxe5 Nxe5 14.Qg3 Nfd7 15.Rae1 g6
16.Ne4 Bg7 17.Ng5 O-O 18.Qh3 h6 19.Ne4 f5 20.Nec5 Nxc5 21.Nxc5 Ng4 22.c4 Nxe3
23.Qxe3 e5 24.cxb5 axb5 25.Bc2 e4 26.b4 Kh7 27.Bb3 Rb6 28.Rc1 Qd8 29.Rfd1 Rd6
30.Qe2 Bd4+ 31.Kh1 Qh4 32.g3 Qh3 33.Nb7 f4 34.Nxd6 f3 35.Qf1 Qxf1+ 36.Rxf1 Bh3
37.Rg1 Bxg1 38.Rc7+ Kh8 39.Rf7 Rxf7 40.Nxf7+ Kg7 41.Bd1 Bd4  0-1

[Event "Miguel Najdorf Open A"]
[Site "Warsaw POL"]
[Date "2012.08.11"]
[Round "6.10"]
[White "Wojciechowski,Pi"]
[Black "Alvarado,C"]
[Result "0-1"]
[WhiteElo "2314"]
[BlackElo "2197"]

1.e4 c5 2.Nf3 Nc6 3.d4 cxd4 4.Nxd4 Qb6 5.Nb3 Nf6 6.Nc3 e6 7.Bd3 d6 8.O-O Be7
9.Be3 Qc7 10.f4 O-O 11.Qf3 Bd7 12.Rae1 Nb4 13.Qg3 Nh5 14.Qf3 Nf6 15.g4 e5
16.f5 h6 17.a3 Nxd3 18.cxd3 Bc6 19.h4 Nh7 20.Qg3 Qd8 21.Bf2 Kh8 22.Nd2 b5
23.Nf3 a5 24.d4 b4 25.Nd5 bxa3 26.bxa3 Bb5 27.Be3 Bxf1 28.Rxf1 Nf6 29.Nxf6 exd4
30.Nd5 dxe3 31.g5 Rg8 32.Nd4 Bf6 33.Qxe3 Bxd4 34.Qxd4 Rc8 35.f6 g6 36.Ne7 Qd7
37.Nxc8 Qg4+ 38.Kf2 Rxc8 39.Qxd6 Rc2+ 40.Ke3 Qe2+ 41.Kd4  0-1

[Event "FSFMA2 August 2012"]
[Site "Budapest HUN"]
[Date "2012.08.12"]
[Round "9.3"]
[White "Darazs,Z"]
[Black "Kwapinski,L"]
[Result "1/2-1/2"]
[WhiteElo "2157"]
[BlackElo "2088"]

1.e4 c5 2.Nf3 Nc6 3.d4 cxd4 4.Nxd4 Qb6 5.Nb3 e6 6.Nc3 a6 7.Be3 Qc7 8.Qd2 Nf6
9.Bf4 d6 10.O-O-O Ne5 11.Kb1 Be7 12.Bg5 Ned7 13.f3 O-O 14.g4 b5 15.Bxf6 Nxf6
16.g5 Nd7 17.f4 Bb7 18.Bg2 b4 19.Ne2 a5 20.f5 exf5 21.Ng3 fxe4 22.Bxe4 Bxe4
23.Nxe4 a4 24.Nd4 b3 25.cxb3 axb3 26.a3 d5 27.Nb5 Qc6 28.Nec3 Nb6 29.Rhe1 Bc5
30.Nd4 Qg6+ 31.Qd3 Qxg5 32.Nxb3 Bxa3 33.bxa3 Rxa3 34.Nb5 Ra4 35.Rg1 Qe5 36.Qc3 Qxc3
37.Nxc3 Ra3 38.Kc2 Nc4 39.Nxd5 Ra2+ 40.Kc3 Ne5 41.Ne7+ Kh8 42.Rd5 Nf3 43.Rf1 Nxh2
44.Rxf7 Raa8  1/2-1/2

[Event "FSIMB August 2012"]
[Site "Budapest HUN"]
[Date "2012.08.13"]
[Round "10.5"]
[White "Tamin,U"]
[Black "Farago,S"]
[Result "1/2-1/2"]
[WhiteElo "2182"]
[BlackElo "2254"]

1.e4 c5 2.Nf3 Nc6 3.d4 cxd4 4.Nxd4 Qb6 5.Nb3 Nf6 6.Nc3 e6 7.Be3 Qc7 8.a3 a6
9.Be2 b5 10.O-O Be7 11.f4 d6 12.Kh1 Rb8 13.Nd4 Na5 14.Qe1 Nc4 15.Bxc4 Qxc4
16.Qg3 Bb7 17.e5 Nh5 18.Qf2 O-O 19.Qe2 Qxe2 20.Ncxe2 g6 21.Kg1 Ng7 22.c3 Bd5
23.Rfd1 f6 24.exd6 Bxd6  1/2-1/2

[Event "Stare Mesto Open 2012"]
[Site "Stare Mesto CZE"]
[Date "2012.08.16"]
[Round "8.7"]
[White "Cajka,T"]
[Black "Svoboda,V2"]
[Result "0-1"]
[WhiteElo "2168"]
[BlackElo "2364"]

1.e4 c5 2.Nf3 Nc6 3.d4 cxd4 4.Nxd4 Qc7 5.Nc3 e6 6.a3 a6 7.Be2 Nf6 8.Nb3 Be7
9.O-O O-O 10.f4 d6 11.Kh1 b5 12.Qe1 Bb7 13.Qg3 b4 14.axb4 Nxb4 15.Bd3 Kh8
16.Na5 Bc8 17.Be3 Rb8 18.Rf2 Nxd3 19.cxd3 Rxb2 20.Rxb2 Qxc3 21.Bc1 Nh5 22.Qe3 Nxf4
23.d4 Nd3 24.Qd2 Qxd2 25.Rxd2 Nxc1 26.Rxc1 Bg5 27.Rdc2 Bxc1 28.Rxc1 Bd7 29.h3 Rc8
30.Rb1 Bb5 31.Nb7 Rc6 32.d5 exd5 33.exd5 Rb6 34.Na5 Rb8 35.Nc4 Rd8 36.Na3 Bd3
37.Rd1 Bb5 38.Rb1 g6 39.Nxb5 axb5 40.Rxb5 Kg7 41.Rb7 Kf6 42.Kh2 Rf8 43.Kg3 Ke5
44.Rb5 h5 45.Kh4 f6 46.Rb7 Rh8 47.Kg3 Kxd5 48.Rg7 g5 49.h4 gxh4+ 50.Kxh4 Ke6
51.Rg3 d5 52.Re3+ Kf5 53.Rf3+ Ke5 54.Re3+ Kd4 55.Re6 Rg8 56.Re2 Rg5 57.g3 Rg4+
58.Kh3 f5 59.Rf2 Ke5 60.Rf1 f4 61.gxf4+ Rxf4 62.Re1+ Kd4 63.Rd1+ Kc4 64.Kg3 Rf5
65.Rc1+ Kb3 66.Rb1+ Kc3 67.Rc1+ Kd3 68.Rc7 d4 69.Re7 Kc2 70.Rc7+ Kd2 71.Re7 d3
72.Kg2 Kd1 73.Re6 d2  0-1

[Event "14th Sants Open A"]
[Site "Barcelona ESP"]
[Date "2012.08.18"]
[Round "2.6"]
[White "Trygstad,K"]
[Black "Cordova,E"]
[Result "0-1"]
[WhiteElo "2275"]
[BlackElo "2572"]

1.e4 c5 2.Nf3 Nc6 3.d4 cxd4 4.Nxd4 Qb6 5.Nb3 e6 6.Bd3 Nf6 7.Nc3 a6 8.O-O d6
9.Kh1 Be7 10.f4 h6 11.a4 Bd7 12.a5 Qc7 13.Be3 Rc8 14.Qf3 Nb4 15.Qg3 g6 16.e5 Nh5
17.Qg4 Nxd3 18.cxd3 Ng7 19.Bb6 Qb8 20.Ne4 Nf5 21.exd6 Bxd6 22.Nbc5 Bxc5 23.Bxc5 Rxc5
24.Nxc5 Ne3 25.Qh4 Nxf1 26.Qf6 O-O 27.Nxd7 Qd8 28.Qd4 Ne3 29.Nf6+ Kh8 30.Qc3 Qc8
31.Qe5 Nf5 32.Nd7+ f6 33.Nxf6 Ng7 34.Re1 Qd8 35.Ne4 Rf5 36.Qc3 Rxf4 37.Nc5 Qd5
38.h3 Kh7 39.Ne4 e5 40.b4 Ne6 41.Qc8 Rf7 42.Nc3 Qd6 43.Ne4 Qxb4 44.Rc1 Ng5
45.Rc7 Kg7 46.Nxg5 hxg5 47.Rxf7+ Kxf7 48.Qd7+ Kf6 49.Qd8+ Qe7 50.Qd5 Qc7
51.Qf3+ Ke7 52.Qd5 g4 53.hxg4 Kf6 54.Kg1 Kg5 55.Kh2 Kxg4 56.Qf3+ Kg5 57.Qd5 Kf6
58.g3 Ke7 59.Kg1 Qc1+ 60.Kh2 Qb2+ 61.Kh3 Qb5 62.Qe4 Kf7 63.Qf3+ Kg7 64.Qe4 Kf7
65.Qf3+ Ke7 66.Qe4 Qc6 67.Qh4+ Kd6 68.Qf6+ Kd5 69.Qf8 Kd4 70.Qe7 Qh1+ 71.Kg4 Qh5+  0-1

[Event "14th Sants Open A"]
[Site "Barcelona ESP"]
[Date "2012.08.19"]
[Round "3.18"]
[White "Bressac,S"]
[Black "Oms Pallisse,J"]
[Result "0-1"]
[WhiteElo "2324"]
[BlackElo "2461"]

1.e4 c5 2.Nf3 Nc6 3.d4 cxd4 4.Nxd4 Qb6 5.Nb3 Nf6 6.Nc3 e6 7.Bd3 d6 8.O-O Be7
9.Be3 Qc7 10.f4 a6 11.Qf3 O-O 12.g4 b5 13.g5 Nd7 14.Qh3 Re8 15.e5 g6 16.f5 Ndxe5
17.fxg6 fxg6 18.Ne4 d5 19.Nf6+ Bxf6 20.gxf6 Qf7 21.Nd2 Bb7 22.Bh6 Nd4 23.Qe3 Nec6
24.Bg7 Nf5 25.Bxf5 exf5 26.Qh6 Ne5 27.Nf3 Ng4 28.Qh4 h6 29.h3 Re4 30.Ng5 Qc7
31.hxg4 Rxg4+ 32.Qxg4 Qb6+ 33.Rf2 fxg4 34.Re1 g3 35.Re8+ Rxe8 36.f7+ Kxg7
37.fxe8=N+ Kg8 38.Nf7 Kh7 39.Nf6+ Kg7 40.Ne8+ Kf8  0-1

[Event "14th Sants Open A"]
[Site "Barcelona ESP"]
[Date "2012.08.19"]
[Round "3.10"]
[White "Bracker,F"]
[Black "Cuartas,Ja"]
[Result "0-1"]
[WhiteElo "2364"]
[BlackElo "2521"]

1.e4 c5 2.Nf3 Nc6 3.d4 cxd4 4.Nxd4 Qb6 5.Nb3 Nf6 6.Nc3 e6 7.Bd3 Bb4 8.Bd2 O-O
9.a3 Bxc3 10.Bxc3 e5 11.O-O d6 12.Nd2 Be6 13.Re1 Rad8 14.Nc4 Qc7 15.Qe2 Bxc4
16.Bxc4 d5 17.exd5 Nxd5 18.Bxd5 Rxd5 19.Rad1 Rxd1 20.Qxd1 Rd8 21.Qg4 Qd6
22.h3 f6 23.Qc4+ Qd5 24.Qxd5+ Rxd5 25.Kf1 Kf7 26.Ke2 Ke6 27.Bd2 h5 28.c3 b5
29.Kd1 Na5 30.Kc2 Nc4 31.Bc1 g5 32.g4 Rd7 33.b3 Nd6 34.f4 gxf4 35.Bxf4 hxg4
36.hxg4 Rh7 37.g5 Kf5 38.Be3 fxg5 39.Rf1+ Kg6 40.Rg1 Rh2+ 41.Kd3 e4+ 42.Kd4 Nf5+
43.Kxe4 Nxe3 44.Kxe3 Rb2 45.b4 Rb3 46.Kd4 Rxa3 47.c4 bxc4 48.Kxc4 Re3 49.Kd5 Re7
50.b5 Rb7 51.Kc6 Rg7 52.Kd5 Rf7 53.Kd6 Rh7 54.Kd5 Rg7 55.Kd4 Rb7 56.Kc5 Kf5
57.Rf1+ Ke4 58.Rg1 Rg7 59.Kd6 g4  0-1

[Event "12th ch-Euro Seniors w"]
[Site "Kaunas LTU"]
[Date "2012.08.19"]
[Round "2.2"]
[White "Fatalibekova,E"]
[Black "Tsifanskaya,L"]
[Result "1-0"]
[WhiteElo "2273"]
[BlackElo "2133"]

1.e4 c5 2.Nf3 Nc6 3.d4 cxd4 4.Nxd4 Qb6 5.Nb3 Nf6 6.Nc3 e6 7.Be3 Qc7 8.f4 d6
9.Qf3 a6 10.g4 Be7 11.g5 Nd7 12.O-O-O O-O 13.Bd3 b5 14.Kb1 Nc5 15.h4 b4 16.Ne2 Nxd3
17.cxd3 Bd7 18.Rc1 Rfc8 19.g6 fxg6 20.h5 Qd8 21.hxg6 h6 22.f5 Ne5 23.Qh5 Rxc1+
24.Nbxc1 Bg5 25.Bxg5 Qxg5 26.Qxg5 hxg5 27.Ng3 Rf8 28.Rh7 exf5 29.Nh5 Be8
30.Rxg7+  1-0

[Event "12th ch-Euro Seniors"]
[Site "Kaunas LTU"]
[Date "2012.08.22"]
[Round "5.18"]
[White "Malachi,A"]
[Black "Ivanets,V RUS"]
[Result "0-1"]
[WhiteElo "2127"]
[BlackElo "2201"]

1.e4 c5 2.Nf3 Nc6 3.d4 cxd4 4.Nxd4 Qc7 5.Nb5 Qb8 6.c4 a6 7.N5c3 g6 8.Be3 Bg7
9.Qd2 Nf6 10.f3 d6 11.Be2 O-O 12.O-O Bd7 13.Nd5 b5 14.Nb6 bxc4 15.Nxa8 Qxa8
16.Bxc4 Ne5 17.Bb3 a5 18.Nc3 a4 19.Bd1 Nc4 20.Qf2 Nxe3 21.Qxe3 Bc6 22.Rb1 Rd8
23.b4 d5 24.exd5 Nxd5 25.Nxd5 Bxd5 26.Qe2 e6 27.b5 Qa5 28.a3 Qc3 29.Qc2 Qxa3
30.Qxa4 Qe3+ 31.Kh1 Be5 32.b6 Bb7 33.f4 Bc3 34.Bc2 Bxg2+ 35.Kxg2 Rd2+ 36.Kh1 Qe2  0-1

[Event "5th Sabadell Open A"]
[Site "Sabadell ESP"]
[Date "2012.08.30"]
[Round "1.8"]
[White "Orozco,Lu"]
[Black "Jimenez Fraga,P"]
[Result "0-1"]
[WhiteElo "2114"]
[BlackElo "2446"]

1.e4 c5 2.Nf3 Nc6 3.d4 cxd4 4.Nxd4 Qb6 5.Nb3 Nf6 6.Nc3 e6 7.Bd3 Be7 8.Be3 Qc7
9.O-O b6 10.f4 d6 11.a3 Bb7 12.Qe1 Rd8 13.Qg3 g6 14.Rae1 Qb8 15.e5 Nh5 16.Qf2 dxe5
17.fxe5 O-O 18.Bh6 Nxe5 19.Be2 Ng7 20.Qg3 Nf5 21.Rxf5 exf5 22.Bxf8 Bxf8 23.Nb5 Bg7
24.N5d4 Nc6 25.Nxc6 Bxc6 26.Qxb8 Rxb8 27.Bc4 b5 28.Na5 Be4 29.Bd3 Bxd3 30.cxd3 Bxb2
31.Nc6 Rb7  0-1

[Event "37th Trade Fair Open A"]
[Site "Brno CZE"]
[Date "2012.08.31"]
[Round "7"]
[White "Kratochvil,Jo"]
[Black "Stehlik,Jiri1"]
[Result "1-0"]
[WhiteElo "2239"]
[BlackElo "2007"]

1.e4 c5 2.Nf3 Nc6 3.d4 cxd4 4.Nxd4 Qb6 5.Nb3 e6 6.Be3 Qc7 7.Be2 Nf6 8.Nc3 a6
9.O-O b5 10.a3 d6 11.f4 Be7 12.Bf3 Bb7 13.Qe1 O-O 14.g4 Rfe8 15.g5 Nd7 16.Bg2 g6
17.Rf3 Nb6 18.Rh3 Bc8 19.Qh4 h5 20.Bf3 Kg7 21.Ne2 Nc4 22.Ng3 Rh8 23.Bf2 Bd7
24.f5 Bd8 25.Nd4 N6e5 26.Qf4 Nxf3+ 27.Nxf3 e5 28.Qc1 Qb7 29.b3 Na5 30.Qd2 Qc6
31.Rd1 Bb6 32.Qxd6 Bxf2+ 33.Kxf2 Qxd6 34.Rxd6 Rhd8 35.Nxe5 Be8 36.f6+ Kg8
37.Rxd8 Rxd8 38.Nf1 Rc8 39.Ne3 Rc5 40.Nd3 Rxg5 41.Rg3 Rxg3 42.Kxg3 Nb7 43.Kf4 Bd7
44.Nd5 Kf8 45.b4 Nd6 46.Nc5 Bg4 47.Ne3 Bc8 48.e5 Nf5 49.Nxf5 Bxf5 50.Nxa6 Bxc2
51.Nc7 Bd3 52.Kg5 Bc4 53.h4 Bd3 54.e6 fxe6 55.Nxe6+ Kf7 56.Nd8+ Kg8 57.Nc6 Kh7
58.Ne5 Bc2 59.Nf3 Bb3 60.Nd2 Bc2 61.Nf1 Bd3 62.Ne3 Kg8 63.Nd5 Kf7 64.Nc3 Ke6
65.a4 bxa4 66.Nxa4 Ke5 67.Nc3 Ke6 68.b5 Kd6 69.b6 Bc4 70.Kxg6 Kc6 71.f7  1-0

[Event "BDO Challengers 2012"]
[Site "Haarlem NED"]
[Date "2012.08.31"]
[Round "7.4"]
[White "Pijpers,A"]
[Black "Ilic,Zo1"]
[Result "1-0"]
[WhiteElo "2333"]
[BlackElo "2344"]

1.e4 c5 2.Nf3 Nc6 3.d4 cxd4 4.Nxd4 Qb6 5.Nb3 Nf6 6.Nc3 e6 7.a3 a6 8.Bd3 d6
9.Be3 Qc7 10.f4 Be7 11.O-O b5 12.Qf3 O-O 13.Rae1 Bb7 14.Kh1 b4 15.Na4 Nd7
16.Qh3 bxa3 17.bxa3 g6 18.f5 exf5 19.exf5 Nce5 20.fxg6 hxg6 21.Bd4 Kg7 22.Qg3 Qd8
23.Nbc5 Bh4 24.Ne6+ Kg8 25.Nxd8 Bxg3 26.Nxb7 Bxe1 27.Rxe1 Nxd3 28.cxd3 Rfe8
29.Rxe8+ Rxe8 30.Nxd6 Re1+ 31.Bg1 Ne5 32.Nc5 Nxd3 33.Nxd3 Rd1 34.Nc5 Rxd6
35.h3 f5 36.Be3 Kf7 37.Kh2 Kf6 38.a4 Ke5 39.Kg3 Rc6 40.h4 Kd5 41.Kf4 a5 42.Kg5 Rb6
43.Nd7 Rb3 44.Bf4 Rb4 45.g3 Ke6 46.Ne5 Rxa4 47.Kxg6 Rd4 48.h5 a4 49.h6 a3
50.Nf3  1-0

[Event "World Youth U16 Olympiad 2012"]
[Site "Istanbul TUR"]
[Date "2012.09.03"]
[Round "8.24"]
[White "Yuksel,A"]
[Black "Cukrowski,F"]
[Result "0-1"]
[WhiteElo "2028"]
[BlackElo "2154"]

1.e4 c5 2.Nf3 Nc6 3.d4 cxd4 4.Nxd4 Qb6 5.Nb3 Nf6 6.Nc3 e6 7.Be3 Qc7 8.Bd3 a6
9.f4 d6 10.Qf3 Be7 11.O-O-O Nd7 12.Kb1 b5 13.Rhf1 b4 14.Na4 Bb7 15.Qf2 O-O
16.Nb6 Nxb6 17.Bxb6 Qc8 18.g4 a5 19.g5 a4 20.Nc1 e5 21.Qh4 a3 22.f5 axb2
23.Nb3 Ba6 24.Kxb2 Nd4 25.Bxd4 Bxd3 26.Qf2 Bxf1 27.Rxf1 Bxg5 28.Bb6 Qc3+
29.Kb1 Ra6  0-1

[Event "6th Hum na Sutli Open"]
[Site "Hum na Sutli CRO"]
[Date "2012.09.07"]
[Round "1.10"]
[White "Blazeka,M"]
[Black "Tkalec,M"]
[Result "1-0"]
[WhiteElo "2249"]
[BlackElo "1656"]

1.e4 c5 2.Nf3 Nc6 3.d4 cxd4 4.Nxd4 Qc7 5.Nc3 e5 6.Nd5 Qb8 7.Nb5 Bd6 8.Bg5 Bb4+
9.Nxb4 Nxb4 10.Nd6+ Kf8 11.Nxc8 Nxc2+ 12.Qxc2 Qxc8 13.Qb3 f6 14.Be3 b6 15.Bc4 d6
16.Rc1 Qd8 17.O-O Ne7 18.Rfd1 a6 19.Bxb6 Qb8 20.Be6 g6 21.Rc7  1-0

[Event "11th Kesarovski-Stanchev Mem"]
[Site "Sunny Beach BUL"]
[Date "2012.09.09"]
[Round "9.11"]
[White "Dimitrov,Pa"]
[Black "Yarmysty,M"]
[Result "1/2-1/2"]
[WhiteElo "2304"]
[BlackElo "2363"]

1.e4 c5 2.Nf3 Nc6 3.d4 cxd4 4.Nxd4 Qb6 5.Nb3 Nf6 6.Nc3 e6 7.Be3 Qc7 8.a3 a6
9.f4 d6 10.Bd3 b5 11.O-O Bb7 12.Qf3 h5 13.h3 Be7 14.Rae1 h4 15.Qf2 Nh5 16.Nd5 exd5
17.exd5 Nd8 18.Bb6 Qd7 19.Rxe7+ Qxe7 20.Re1 Ne6 21.dxe6 O-O 22.Nd4 Ng3 23.Re3 f5
24.Ba5 Ne4 25.Qe1 Rae8 26.Bb4 g6 27.Bxe4 fxe4 28.g3 Kh7 29.Bc3 Rc8 30.Qe2 Rc5
31.Qg4 Rh5 32.Kh2 Bd5 33.f5 Rhxf5 34.Nxf5 Rxf5 35.Qxh4+ Qxh4 36.gxh4 Kg8
37.Rg3 Bxe6 38.Rxg6+ Kf7 39.Rg7+ Kf8 40.Rg5 Kf7 41.Rxf5+ Bxf5 42.Kg3 e3 43.Kf4 Bxc2
44.Kxe3 Kg6 45.Kd4 Bb3 46.Bb4 Kh5 47.Be1 Be6 48.Bg3 a5 49.Be1 a4 50.Bg3 Bc4
51.Bxd6 Kxh4 52.Bb4 Kxh3 53.Bc3 Kg4 54.Ke5 Kf3  1/2-1/2

[Event "TCh-HUN 2012-13"]
[Site "Szombathely HUN"]
[Date "2012.09.16"]
[Round "1"]
[White "Tesik,C"]
[Black "Babula,V"]
[Result "1/2-1/2"]
[WhiteElo "2366"]
[BlackElo "2595"]

1.e4 c5 2.Nf3 Nc6 3.d4 cxd4 4.Nxd4 Qb6 5.Nb3 Nf6 6.Nc3 e6 7.a3 a6 8.Bf4 e5
9.Bg5 Be7 10.Bxf6 Bxf6 11.Bc4 O-O 12.O-O Qd8 13.a4 d6 14.Nd5 Be6 15.c3 Rc8
16.Qe2 Bg5 17.Rfd1 Nb8 18.Nd2 Nd7 19.Nb4 Qb6 20.a5 Qa7 21.Bd5 Bxd2 22.Rxd2 Nf6
23.Bxe6 fxe6 24.Rxd6 Nxe4 25.Rb6 Nc5 26.Qxe5 Kh8 27.Rd1 h6 28.h3 Rf5 29.Qe3 Qb8
30.Rbd6 Qc7 31.Nc2 Rcf8 32.f3 Na4 33.Rd7 Qg3 34.Qf2 Qxf2+ 35.Kxf2 Nxb2 36.R1d6 Rxa5
37.Nd4 Nd3+ 38.Kg3 Rg5+ 39.Kh2 Ne1 40.g4 Nxf3+ 41.Kg3 Nxd4 42.cxd4 Rd5 43.Rxd5 exd5
44.Rxb7 Re8 45.Ra7 Re4 46.Rxa6 Rxd4 47.Rd6 Rd3+ 48.Kf4 Rxh3 49.Rxd5 Kh7 50.Rd6 Ra3
51.Rb6 g5+ 52.Ke5 Re3+ 53.Kf6 Rf3+ 54.Ke5 Kg7 55.Rb7+ Rf7 56.Rb6 Ra7 57.Rb4 Re7+
58.Kf5 Rf7+ 59.Ke5 Rf6 60.Rb8 Ra6 61.Rb4 Kg6 62.Rb8 Ra5+ 63.Ke4 Ra4+ 64.Kf3 Rf4+
65.Kg3 Rf6 66.Ra8 Rb6 67.Rf8 Rb3+ 68.Kg2 Kg7 69.Rf2 Rb6 70.Kg3 Rf6 71.Ra2 Kf7
72.Ra7+ Ke6 73.Ra5 Kd6 74.Kg2 Re6  1/2-1/2

[Event "TCh-SRB Prem 2012"]
[Site "Valjevo SRB"]
[Date "2012.09.18"]
[Round "2.2"]
[White "Perunovic,Mil"]
[Black "Barlov,D"]
[Result "1/2-1/2"]
[WhiteElo "2614"]
[BlackElo "2456"]

1.e4 c5 2.Nf3 Nc6 3.d4 cxd4 4.Nxd4 Qb6 5.Nb3 Nf6 6.Nc3 e6 7.Qe2 Bb4 8.Bd2 O-O
9.a3 Bxc3 10.Bxc3 e5 11.O-O-O d6 12.Rxd6 Nd4 13.Rxd4 exd4 14.Bxd4 Qc6 15.f3 Be6
16.Bc3 Bxb3 17.cxb3 Qb6 18.Qb5 Qf2 19.Qe2 Qb6 20.Qb5 Qf2  1/2-1/2

[Event "Vladivostok Russian Cup 2012"]
[Site "Vladivostok RUS"]
[Date "2012.09.19"]
[Round "3.12"]
[White "Pavlovskiy,M"]
[Black "Smirnov,P"]
[Result "0-1"]
[WhiteElo "2252"]
[BlackElo "2599"]

1.e4 c5 2.Nf3 Nc6 3.d4 cxd4 4.Nxd4 Qb6 5.Nb3 Nf6 6.Nc3 e6 7.Be3 Qc7 8.a3 a6
9.Be2 b5 10.f4 d6 11.Bf3 Be7 12.O-O Bb7 13.Qe2 O-O 14.Rfd1 Nd7 15.Rd2 Nb6
16.Bxb6 Qxb6+ 17.Qf2 Qc7 18.Ne2 Rad8 19.Rad1 Bf6 20.c3 g6 21.Ned4 Ne7 22.Nc2 e5
23.fxe5 Bxe5 24.g3 f5 25.Qg2 Qb6+ 26.Kh1 fxe4 27.Bxe4 d5 28.Qg1 Qc7 29.Bg2 Nf5
30.Qc5 Qg7 31.Ne3 Bxg3 32.Nxf5 Rxf5 33.hxg3 d4 34.Qb6 Qh6+ 35.Kg1 Qe3+ 36.Kh2 Rh5+
37.Bh3 Rxh3+ 38.Kxh3 Qh6+  0-1

[Event "TCh-SRB Prem 2012"]
[Site "Valjevo SRB"]
[Date "2012.09.20"]
[Round "4.2"]
[White "Nestorovic,L"]
[Black "Pap,M"]
[Result "0-1"]
[WhiteElo "2384"]
[BlackElo "2513"]

1.e4 c5 2.Nf3 Nc6 3.d4 cxd4 4.Nxd4 Qb6 5.Nb3 Nf6 6.Nc3 e6 7.Bd3 a6 8.O-O d6
9.Kh1 Qc7 10.f4 b5 11.a3 Be7 12.Bd2 Bb7 13.Qf3 O-O 14.Rae1 Rfd8 15.Qh3 b4
16.axb4 Nxb4 17.Nb5 axb5 18.Bxb4 d5 19.Bxe7 Qxe7 20.e5 Ne4 21.Bxe4 dxe4 22.Qe3 Rac8
23.Nd4 Qb4 24.c3 Qxb2 25.Rf2 Qxc3 26.Qxc3 Rxc3 27.Nxb5 Re3 28.Rff1 Rb3 29.Rd1 Rxd1
30.Rxd1 g5 31.Nd4 Rd3 32.Rxd3 exd3 33.Nb3 gxf4 34.Kg1 Bd5 35.Nd2 f6 36.exf6 e5
37.g3 e4  0-1

[Event "21st TCh-CRO 1b 2012"]
[Site "Sibenik CRO"]
[Date "2012.09.25"]
[Round "3.3"]
[White "Matkovic,T"]
[Black "Komljenovic,D"]
[Result "1-0"]
[WhiteElo "2306"]
[BlackElo "2446"]

1.e4 c5 2.Nf3 Nc6 3.d4 cxd4 4.Nxd4 Qb6 5.Nb3 Nf6 6.Nc3 e6 7.Be3 Qc7 8.a3 a6
9.f4 d6 10.Bd3 b5 11.O-O Be7 12.Qe2 O-O 13.Nd1 Bb7 14.Nf2 Rad8 15.Rad1 Nb8
16.g4 d5 17.e5 Ne4 18.g5 Nxf2 19.Qxf2 d4 20.Nxd4 Bc5 21.Nf3 Nd7 22.Bxc5 Nxc5
23.Bxh7+ Kxh7 24.g6+ Kxg6 25.Qg3+ Kh7 26.Qh4+ Kg8 27.Ng5 Be4 28.f5 Bxf5 29.Rxf5 Rxd1+
30.Kg2 Qb7+ 31.Kh3 Re8 32.Rxf7 Qxf7 33.Nxf7 Rd5 34.Ng5 Nd7 35.Qh5 Rb8 36.Qf7+ Kh8
37.Nxe6  1-0

[Event "Baku Open 2012"]
[Site "Baku AZE"]
[Date "2012.09.26"]
[Round "5.30"]
[White "Ibrahimova,S"]
[Black "Sadikhov,U"]
[Result "1/2-1/2"]
[WhiteElo "2117"]
[BlackElo "2215"]

1.e4 c5 2.Nf3 Nc6 3.d4 cxd4 4.Nxd4 Qb6 5.Nb3 Nf6 6.Nc3 e6 7.Bd3 a6 8.O-O d6
9.a3 Be7 10.Kh1 O-O 11.f4 Qc7 12.Qf3 b5 13.Bd2 Bb7 14.Rae1 g6 15.Qh3 Rfe8
16.f5 exf5 17.exf5 Ne5 18.fxg6 hxg6 19.Nd4 Nxd3 20.Qxd3 Nh7 21.Ne4  1/2-1/2

[Event "TCh-SRB Prem w 2012"]
[Site "Valjevo SRB"]
[Date "2012.09.26"]
[Round "10.4"]
[White "Milanovic,Ma"]
[Black "Djukic,Sa"]
[Result "1/2-1/2"]
[WhiteElo "1971"]
[BlackElo "2141"]

1.e4 c5 2.Nf3 Nc6 3.d4 cxd4 4.Nxd4 Qc7 5.Nc3 e6 6.Be2 a6 7.O-O Nf6 8.Be3 Bb4
9.Nxc6 bxc6 10.Na4 Be7 11.Nb6 Rb8 12.Nxc8 Qxc8 13.Bd4 c5 14.Be5 Rb6 15.Qd3 d6
16.Bc3 O-O 17.b3 Nd7 18.Rad1 Rc6 19.Qg3 g6 20.f4 f5 21.exf5 Rxf5 22.Bd3 Qf8
23.Bxf5 Qxf5 24.Qf3 d5 25.g4 Qf7 26.f5 Nb6 27.Qg2 Bg5 28.fxe6 Qxe6 29.Rde1 Be3+
30.Kh1 d4 31.Qf3 Qd5 32.Ba5 Qxf3+ 33.Rxf3 Nd5 34.Ref1 g5 35.Rf5 Nb4 36.Rf8+ Kg7
37.R1f7+ Kg6 38.Bc7 Bf4 39.Bxf4 gxf4 40.Rxf4 Kg7 41.R4f7+ Kg6 42.Rf5 Kg7
43.h4 Rc7 44.h5 Nxc2 45.R8f6 h6 46.Rg6+ Kh7 47.Rff6 Rg7 48.Rxh6+ Kg8 49.Rhg6 d3
50.Rxg7+ Kxg7 51.Rf2 Ne3 52.g5 c4 53.bxc4 Nxc4 54.h6+ Kg8 55.Rf4 d2 56.Rd4 Kh7
57.Kg2 Ne3+ 58.Kf2 d1=Q 59.Rxd1 Nxd1+ 60.Ke1 Nc3 61.Kd2 Nxa2 62.Kc2 Nb4+
63.Kb3 a5 64.Ka4 Nc6 65.Kb5 Ne5 66.Kxa5 Nf7  1/2-1/2

[Event "30th Balaton Open"]
[Site "Heviz HUN"]
[Date "2012.09.28"]
[Round "6.11"]
[White "Weinwurm,W"]
[Black "Metaxasz,V"]
[Result "1/2-1/2"]
[WhiteElo "2131"]
[BlackElo "2151"]

1.e4 c5 2.Nf3 Nc6 3.d4 cxd4 4.Nxd4 Qb6 5.Nb3 Nf6 6.Nc3 e6 7.Qe2 Bb4 8.Bd2 O-O
9.a3 Be7 10.O-O-O d5 11.e5 Nd7 12.f4 Nc5 13.Nxc5 Qxc5 14.Kb1 Rd8 15.Be1 Qb6
16.Qh5 Bd7 17.Ka2 g6 18.Qf3 a5 19.h4 Nb4+ 20.Kb1 d4 21.Ne4 Nxc2 22.Kxc2 Ba4+
23.Kb1 Bxd1 24.Qxd1 Bxa3 25.Qd2 Bb4 26.Qf2 Bxe1 27.Qxe1 a4 28.Rh3 a3 29.Qd2 axb2
30.Qxb2 Qa5 31.Nd2 d3 32.Rxd3 Rxd3 33.Bxd3 Rd8 34.Kc2 Rc8+ 35.Kd1 Qa4+ 36.Ke2 Qxf4
37.Nf3 Qg3 38.Ke3 Rd8 39.Qxb7 Qxg2 40.Qe4  1/2-1/2

[Event "30th Balaton Open"]
[Site "Heviz HUN"]
[Date "2012.10.01"]
[Round "9.9"]
[White "Janzekovic,K"]
[Black "Metaxasz,V"]
[Result "0-1"]
[WhiteElo "1884"]
[BlackElo "2151"]

1.e4 c5 2.Nf3 Nc6 3.d4 cxd4 4.Nxd4 Qb6 5.Nb3 Nf6 6.Nc3 e6 7.Be3 Qc7 8.a3 a6
9.f4 d6 10.Bd3 Be7 11.Qf3 O-O 12.O-O b5 13.g4 Re8 14.g5 Nd7 15.Qh5 g6 16.Qg4 b4
17.Ne2 Bf8 18.h4 Bg7 19.Rab1 Nc5 20.Nxc5 dxc5 21.Qh3 Ne7 22.Bc4 Bb7 23.Ng3 Rad8
24.axb4 cxb4 25.b3 Bd4 26.Bf2 Qc5 27.Qh2 Qc6 28.h5 Rd7 29.hxg6 hxg6 30.Bd3 Red8
31.f5 exf5 32.exf5 Bxf2+ 33.Rxf2 Rxd3 34.cxd3 Rxd3 35.Kf1 Qd6 36.Re1 Rxg3
37.Rxe7 Qd1+ 38.Re1 Qd3+ 39.Ree2 gxf5 40.Qh5 Rh3  0-1